| 000 | 00431cam a2200169ua 4500 | ||
|---|---|---|---|
| 020 | _c21 net | ||
| 041 |
_aeng _h |
||
| 082 |
_a828.09 _bGIT/SH |
||
| 100 | _aGittings, Robert . | ||
| 245 |
_aShakespeare`s rival:A study in three parts / _cRobert Gittings. _hTextual Documents |
||
| 260 |
_aLondon : _bHeinemann , _c1960. |
||
| 300 | _a138 ; . | ||
| 365 | _a21 net | ||
| 504 | _a | ||
| 942 | _cBK | ||
| 999 |
_c11807 _d11807 |
||